<?xml version="1.0" encoding="UTF-8"?>
<record
    xmlns:xsi="http://www.w3.org/2001/XMLSchema-instance"
    xsi:schemaLocation="http://www.loc.gov/MARC21/slim http://www.loc.gov/standards/marcxml/schema/MARC21slim.xsd"
    xmlns="http://www.loc.gov/MARC21/slim">

  <leader>02087nam a2200301 i 4500</leader>
  <controlfield tag="003">DO-SdBNP</controlfield>
  <controlfield tag="005">20240325115414.0</controlfield>
  <controlfield tag="007">ta</controlfield>
  <controlfield tag="008">240325s2019    dr ao         000 j spa d</controlfield>
  <datafield tag="040" ind1=" " ind2=" ">
    <subfield code="a">DO-SdBNP</subfield>
    <subfield code="b">spa</subfield>
    <subfield code="c">BNPHU</subfield>
    <subfield code="e">rda</subfield>
  </datafield>
  <datafield tag="082" ind1=" " ind2=" ">
    <subfield code="b">G464</subfield>
    <subfield code="2">22</subfield>
  </datafield>
  <datafield tag="245" ind1="0" ind2="0">
    <subfield code="a">Gilbert h&#xE9;roe de dos pueblos :</subfield>
    <subfield code="b">documental /</subfield>
    <subfield code="c">producci&#xF3;n Euri Cabral, Zinayda Rodr&#xED;guez </subfield>
  </datafield>
  <datafield tag="264" ind1=" " ind2="1">
    <subfield code="a">Santo Domingo :</subfield>
    <subfield code="b">Ianna,</subfield>
    <subfield code="c">[2019].</subfield>
  </datafield>
  <datafield tag="300" ind1=" " ind2=" ">
    <subfield code="a">[36] p&#xE1;ginas,  </subfield>
    <subfield code="b">ilustraciones, fotograf&#xED;as</subfield>
    <subfield code="c">28 cm.</subfield>
  </datafield>
  <datafield tag="336" ind1=" " ind2=" ">
    <subfield code="2">rdacontent</subfield>
    <subfield code="a">texto</subfield>
    <subfield code="b">txt</subfield>
  </datafield>
  <datafield tag="337" ind1=" " ind2=" ">
    <subfield code="2">rdamedia</subfield>
    <subfield code="a">sin mediaci&#xF3;n </subfield>
    <subfield code="b">n</subfield>
  </datafield>
  <datafield tag="338" ind1=" " ind2=" ">
    <subfield code="2">rdacarrier</subfield>
    <subfield code="a">volumen</subfield>
    <subfield code="b">nc</subfield>
  </datafield>
  <datafield tag="500" ind1=" " ind2=" ">
    <subfield code="a">Ficha t&#xE9;cnica de los productores, actores y dem&#xE1;s. </subfield>
  </datafield>
  <datafield tag="500" ind1=" " ind2=" ">
    <subfield code="a">Largometraje documental, con una duraci&#xF3;n de 1 hora y 33 minutos</subfield>
  </datafield>
  <datafield tag="508" ind1=" " ind2=" ">
    <subfield code="a">Producci&#xF3;n general, Euri Cabral, Zinayda Rodr&#xED;guez ; producci&#xF3;n asociada, N&#xE9;stor Espinosa, Karen Llanes ; asistente direcci&#xF3;n, Elvira Almonte ; M&#xFA;sica original, Janina Rosado ; director de fotograf&#xED;a, Julio Fr&#xED;as ; luces, Enmanuel Ferry ; direcci&#xF3;n t&#xE9;cnica, Saulo Constanzo ; Investigaci&#xF3;n Margarita Jim&#xE9;nez ; Narraci&#xF3;n, Miguel Susana.</subfield>
  </datafield>
  <datafield tag="508" ind1=" " ind2=" ">
    <subfield code="a">Empresas productoras: Se&#xF1;ales TV y Bellaju Productions</subfield>
  </datafield>
  <datafield tag="511" ind1=" " ind2=" ">
    <subfield code="a">Actores principales, Teo Terrero, Ram&#xF3;n E. Candelario, Manuel Chapuseaux, V&#xED;ctor Checo y Mois&#xE9;s Vincent. </subfield>
  </datafield>
  <datafield tag="518" ind1=" " ind2=" ">
    <subfield code="a">Pa&#xED;ses de producci&#xF3;n: Rep&#xFA;blica Dominicana y Nicaragua. </subfield>
  </datafield>
  <datafield tag="520" ind1=" " ind2=" ">
    <subfield code="a">&#xA8;Gilbert, h&#xE9;roe de dos pueblos&#xA8; es un documental dramatizado, que narra la vida y las acciones de este h&#xE9;roe dominicano y nicarag&#xFC;ense. Teniendo solo 17 a&#xF1;os, enfrent&#xF3; las tropas norteamericanas invasoras de la Rep&#xFA;blica Dominicana en 1916; luego, se fue a combatir la invasi&#xF3;n norteamericana a Nicaragua, junto con el General de Hombres Libres, Augusto C&#xE9;sar Sandino. Siendo un anciano y con limitaciones de salud, junto al coronel Francisco Alberto Caama&#xF1;o De&#xF1;o y el movimiento constitucionalista, nuevamente enfrent&#xF3; las tropas invasoras que mancillaron la patria dominicana en 1965.</subfield>
  </datafield>
  <datafield tag="590" ind1=" " ind2=" ">
    <subfield code="a">Inventariado, 2024/ YL</subfield>
  </datafield>
  <datafield tag="910" ind1=" " ind2=" ">
    <subfield code="a">YLockward</subfield>
  </datafield>
  <datafield tag="942" ind1=" " ind2=" ">
    <subfield code="2">ddc</subfield>
    <subfield code="c">LF2</subfield>
  </datafield>
  <datafield tag="952" ind1=" " ind2=" ">
    <subfield code="0">0</subfield>
    <subfield code="1">0</subfield>
    <subfield code="2">ddc</subfield>
    <subfield code="5">1</subfield>
    <subfield code="7">0</subfield>
    <subfield code="8">DS-F</subfield>
    <subfield code="a">BNPHU</subfield>
    <subfield code="b">BNPHU</subfield>
    <subfield code="c">CT</subfield>
    <subfield code="d">2019-03-12</subfield>
    <subfield code="e">Deposito Legal</subfield>
    <subfield code="l">0</subfield>
    <subfield code="o">BNPHU F-PD G464</subfield>
    <subfield code="p">2024-1690</subfield>
    <subfield code="r">2024-03-25</subfield>
    <subfield code="w">2024-03-25</subfield>
    <subfield code="y">LF2</subfield>
  </datafield>
  <datafield tag="952" ind1=" " ind2=" ">
    <subfield code="0">0</subfield>
    <subfield code="1">0</subfield>
    <subfield code="2">ddc</subfield>
    <subfield code="5">1</subfield>
    <subfield code="7">0</subfield>
    <subfield code="8">DS-F</subfield>
    <subfield code="a">BNPHU</subfield>
    <subfield code="b">BNPHU</subfield>
    <subfield code="c">CT</subfield>
    <subfield code="d">2019-03-12</subfield>
    <subfield code="e">Deposito Legal</subfield>
    <subfield code="l">0</subfield>
    <subfield code="o">BNPHU F-PD G464</subfield>
    <subfield code="p">2024-1691</subfield>
    <subfield code="r">2024-03-25</subfield>
    <subfield code="t">e. 2</subfield>
    <subfield code="w">2024-03-25</subfield>
    <subfield code="y">LF2</subfield>
  </datafield>
  <datafield tag="952" ind1=" " ind2=" ">
    <subfield code="0">0</subfield>
    <subfield code="1">0</subfield>
    <subfield code="2">ddc</subfield>
    <subfield code="5">6</subfield>
    <subfield code="7">0</subfield>
    <subfield code="8">DS</subfield>
    <subfield code="a">BNPHU</subfield>
    <subfield code="b">BNPHU</subfield>
    <subfield code="c">CT</subfield>
    <subfield code="d">2019-03-12</subfield>
    <subfield code="e">Deposito Legal</subfield>
    <subfield code="l">0</subfield>
    <subfield code="o">BNPHU F-DS G464</subfield>
    <subfield code="p">2024-1692</subfield>
    <subfield code="r">2024-03-25</subfield>
    <subfield code="t">e. 3</subfield>
    <subfield code="w">2024-03-25</subfield>
    <subfield code="y">LF2</subfield>
  </datafield>
  <datafield tag="999" ind1=" " ind2=" ">
    <subfield code="c">56195</subfield>
    <subfield code="d">56195</subfield>
  </datafield>
</record>
